La música clásica / (Record no. 37078)

MARC details
000 -LEADER
campo de control de longitud fija 00566nam a2200169 i 4500
001 - NÚMERO DE CONTROL
campo de control 37078
003 - IDENTIFICADOR DE NÚMERO DE CONTROL
campo de control ES-MaACL
005 - FECHA Y HORA DE LA ÚLTIMA TRANSACCIÓN
campo de control 20230906155511.0
007 - CAMPO FIJO DE DESCRIPCIÓN FÍSICA--INFORMACIÓN GENERAL
campo de control de longitud fija t|
008 - DATOS DE LONGITUD FIJA--INFORMACIÓN GENERAL
campo de control de longitud fija 030220s1959 sp ||||1| spa d
100 1# - ENTRADA PRINCIPAL--NOMBRE DE PERSONA
Nombre de persona Brull de Leoz, Luis.
9 (RLIN) 32124
245 13 - MENCIÓN DEL TÍTULO
Título La música clásica /
Mención de responsabilidad, etc. Luis Brull de Leoz.
260 ## - PUBLICACIÓN, DISTRIBUCIÓN, ETC.
Lugar de publicación, distribución, etc. Cuenca :
Nombre del editor, distribuidor, etc. Instituto Nacional de Enseñanza Media Alfonso VIII,
Fecha de publicación, distribución, etc. 1959 (
Fabricante Minerva)
300 ## - DESCRIPCIÓN FÍSICA
Extensión 128 p., 6 lám. ;
Dimensiones 17 cm.
710 2# - ENTRADA AGREGADA--NOMBRE DE ENTIDAD CORPORATIVA
Nombre de entidad corporativa o nombre de jurisdicción como elemento de entrada Instituto Nacional de Enseñanza Media "Alfonso VIII" (Cuenca)
9 (RLIN) 5156
852 ## - LOCALIZACIÓN
Ubicación ES-MaACL
Número de control de estantería C-17358
Sublocalización o colección R.45583
Holdings
Estatus retirado Estado de pérdida Estado de daño No para préstamo Biblioteca de origen Biblioteca actual Ubicación en estantería Fecha de adquisición Fuente de adquisición Total de préstamos Signatura topográfica completa Código de barras Visto por última vez Precio de reemplazo Tipo de ítem Koha
        Biblioteca del Ateneo de Madrid Biblioteca del Ateneo de Madrid Galería 17/01/2008     C-17358 1039010 23/02/2023 23/02/2023 Libro impreso